000 00322nam a2200109Ia 4500
001 1291266
005 20260417165558.0
008 260417s9999 xx 000 0 und d
020 _a9786258317909
245 0 _aHayvanlar Aleminden Masallar - 8 Uğur Böceklerinin Kahvaltısı
_cYasemin Katı
260 _bBeyan Yayınları
999 _c1291266
_d1291266